000 00755 a2200229 4500
003 Nust
005 20230217100316.0
010 _a 79089453
020 _a0155064703
040 _cNust
082 0 0 _a540,YOD
100 1 _aYoder, Claude H.
_9109172
245 1 0 _aChemistry /
_cClaude H. Yoder, Fred H. Suydam, Fred A. Snavely.
250 _a2d ed.
260 _aNew York :
_bHarcourt Brace Jovanovich,
_cc1980.
300 _axvi, 876 p. :
_bill. ;
_c25 cm.
505 _aPart.1 The Structure and Composition of Matter (Page-16), Part.2 The Reactions of Matter (Page-294), Part.3 The Chemistry of the Elements (Page-494).
650 0 _aChemistry.
700 1 _aSnavely, Fred A.,
_9109173
700 1 _aSuydam, Fred H.,
_9109174
942 _2ddc
_cBK
999 _c183327
_d183327